000 00695nam a2200217Ii 4500
003 JO-AjNU
008 230606s9999||||xx |||||||||||||| ||und||
020 _a978-1-138-55720-8
040 _aJO-AjNU
_beng
_erda
_cJO-AjNU
041 _aeng
050 1 4 _aDC148.P67 2020
100 3 _aPOPKIN, JEREMY D,
_eauthor
_96150
245 0 2 _aA SHORT HISTORY OF THE FRENCH REVOLUTION
250 _a7ed
264 3 1 _aNew York and London:Routledge,2020
300 _a201p
336 _atext
_btxt
_2rdacontent
337 _aunmediated
_bn
_2rdamedia
338 _avolume
_bnc
_2rdacarrier
650 4 _aLCSH: France-History-Revolution,1789-1799 - France-History-Consulate and first Empire,1799-1815
_96151
999 _aE3192
_c3188
_d3188